00724cam a2200217 a 450000100060000000300080000600500170001400800390003103500140007004000320008404100080011608200260012424500880015025000120023826000500025030000340030065000390033465000390037365100690041270000250048118728BD-RjUL20211209000327.0140222s1970 ii a b 000 0 eng a(BD-RjUL) aDLCcDLCdDLCdBD-RjULbeng aeng00a813.308221bAME 197000a American literature of the 19th century /cedited by William J. Fisher ...[et al]. a2nd ed. aNew Delhi :bEurasia publishing house,c1970. axiv, 546 p. :bill. ;c24 cm. 0aAmerican literaturey19th century. 0aPopular literaturezUnited States. 0aUnited StatesxCivilizationy19th centuryvLiterary collections.1 a Fisher, William J.,